• 首页
  • 本馆介绍
  • 公告通知
  • 最新文献
  • 馆藏检索
  • 电子资源
  • 读者导购
  • 参考咨询
  • 我的图书馆
  • 登录
  • 详细信息显示
  • 放入我的书架
  • 预约/预借图书
  • 作者相关作品
  • 分类相关作品
  • 丛书相关作品
  • 出版社相关作品

书目信息

  • 表格格式
  • 工作单格式
  • 卡片格式
题名:
中华文化“走出去”战略创新研究
    
 
作者: 杨嘉嵋 著
分册:  
出版信息: 成都   四川大学出版社  2019
页数: 249页
开本: 21cm
丛书名:
单 册:
中图分类: G125
科图分类:
主题词: 文化交流--研究--中国
电子资源:
ISBN: 978-7-5690-2287-2
000 00905nam0 2200229 450
001 012001003328
005 20140102163847.0
010    @a978-7-5690-2287-2@dCNY36.00
100    @a20190802d2019 em y0chiy50 ea
101 0  @achi
102    @aCN@b510000
105    @ay z 000yy
106    @ar
200 1  @a中华文化“走出去”战略创新研究@Azhong hua wen hua “ zou chu qu ”zhan lve chuang xin yan jiu@e基于“一带一路”背景@f杨嘉嵋著
210    @a成都@c四川大学出版社@d2019
215    @a249页@d21cm
330    @a本书共五章。主要内容包括:第一章:绪论;第二章:中华文化“走出去”战略的提出与意义;第三章:中华文化“走出去”战略的现状与问题;第四章:中华文化“走出去”战略的机遇与挑战;第五章:中华文化“走出去”战略的对策与创新。
606 0  @a文化交流@x研究@y中国
690    @aG125@v5
701  0 @a杨嘉嵋@Ayang jia mei@f(1957-)@4著
801    @b江苏凤凰@c20191020
905    @b1235769-74@dG125@e274@f6
    
    中华文化“走出去”战略创新研究:基于“一带一路”背景/杨嘉嵋著.-成都:四川大学出版社,2019
    249页;21cm
    
    
    ISBN 978-7-5690-2287-2:CNY36.00
    本书共五章。主要内容包括:第一章:绪论;第二章:中华文化“走出去”战略的提出与意义;第三章:中华文化“走出去”战略的现状与问题;第四章:中华文化“走出去”战略的机遇与挑战;第五章:中华文化“走出去”战略的对策与创新。
●
相关链接 在E读中查询图书 在五车中查询图书 在当当中查询图书 在豆瓣中查询图书


正题名:中华文化"走出去"战略创新研究     索取号:G125/274         预约/预借

序号 登录号 条形码 馆藏地/架位号 状态 备注
1 1235769   212357698   第一样本阅览室/ [索取号:G125/274] 在馆    
2 1235770   212357705   教育系资料室/ [索取号:G125/274] 在馆    
3 1235771   212357714   教育系资料室/ [索取号:G125/274] 在馆    
4 1235772   212357723   教育系资料室/ [索取号:G125/274] 在馆    
5 1235773   212357732   第四借阅区/ [索取号:G125/274] 在馆    
6 1235774   212357741   第四借阅区/ [索取号:G125/274] 在馆    
唐山师范学院图书馆 欢迎您!
大连网信软件有限公司© 版权所有